Digitální revoluce v Africe: příklad trhu s mobilními penězi

Pojem mobilné peniaze. Rýchly rozvoj mobilných peňazí v Afrike. Analýza podstaty digitálnej revolúcie v Afrike na príklade trhu s mobilnými peniazmi.

Gespeichert in:
Bibliographische Detailangaben
1. Verfasser: Němečková, Tereza
Format: Buchkapitel
Sprache:Tschechisch
Schlagworte:
Tags: Tag hinzufügen
Keine Tags, Fügen Sie das erste Tag hinzu!

MARC

LEADER 00000naa a2200000 4500
001 0248826
005 20220504114158.4
041 0 |a cze 
044 |a CZ 
245 1 0 |a Digitální revoluce v Africe: příklad trhu s mobilními penězi  |c Tereza Němečková 
520 |a Pojem mobilné peniaze. Rýchly rozvoj mobilných peňazí v Afrike. Analýza podstaty digitálnej revolúcie v Afrike na príklade trhu s mobilnými peniazmi. 
610 2 0 |a Afrika 
610 2 0 |a peniaze elektronické 
610 2 0 |a digitalizácia 
610 2 0 |a telefón mobilný 
610 2 0 |a operátori 
610 2 0 |a technológie znalostné 
610 2 0 |a aplikácie mobilné 
100 1 |a Němečková, Tereza